000 00538nam a22001817a 4500
003 OSt
005 20221114025759.0
008 190401b ||||| |||| 00| 0 eng d
020 _a97881700038
040 _aMMU
_beng
_cMMU
_dMMU
050 _aZ 711.92 .S49K47 2004
245 _aThesaurus of Library and Information Science Terms/
_cRajendra K. Kumbhar.
260 _aNew Delhi :
_bEss,
_c2004.
300 _a415 p. :
500 _aIncludes index
650 _aThesaurus of Library and Information Science
942 _2lcc
_cLOAN LOAN
999 _c8695
_d8695